[Event "Almaty Open 2019"]
[Site "Almaty"]
[Date "2019.10.08"]
[Round "3.18"]
[White "Nukin, Tolegen"]
[Black "Nurgaliyev, Sauat"]
[Result "1-0"]
[WhiteElo "2104"]
[BlackElo "1995"]
[Annotator "TA"]
[PlyCount "145"]
[EventDate "2019.10.07"]
[EventType "swiss"]
[EventCountry "KAZ"]
[SourceTitle "playchess.com"]
[Source "ChessBase"]
[SourceQuality "1"]

{[%evp 25,144,-40,-36,-39,-41,-33,14,18,19,16,53,-8,84,1,228,221,226,247,350,404,401,394,362,258,275,275,257,225,231,152,228,26,25,29,112,114,274,258,337,340,306,8,9,7,0,8,20,20,210,0,137,130,137,129,127,120,494,494,494,461,461,461,461,461,461,453,481,488,519,465,604,604,817,808,1043,960,863,807,800,781,29976,29977,29977,29978,29977,29978,29974,29974,29975,29976,29977,29980,29983,29984,29984,29985,29985,29986,29988,29984,29990,29991,29991,29992,29992,29993,29996,29997,29997,29997,29997,29995,29996,29993,29995,29995,29997,29998,29998,29999,29999]} 1. Nf3 Nf6 2. b3 e6 3. Bb2 d5 4. c4 c5 5. g3 Nc6 6. Bg2 d4 7. O-O Be7 8. d3 O-O 9. e3 Ne8 10. Re1 f6 11. exd4 cxd4 12. Na3 e5 13. Nc2 Nc7 14. Qd2 {A14: English Opening: 1...e6 with b3 by White} (14. Nh4 g5 15. Nf3 Be6 16. Nfxd4 exd4 17. Rxe6 Nxe6 18. Bd5 Kh8 19. Bxe6 Bc5 20. Bf5 Qc7 21. a3 a5 {1-0 (51) Macieja,B (2618)-Vescovi,G (2645) Bermuda 2005}) 14... a5 15. a3 $1 Rb8 16. b4 {The position is equal.} b5 17. c5 Nd5 $146 {[#]} ({Predecessor:} 17... Be6 18. Nh4 Bd5 19. f4 Bxg2 20. Qxg2 Qd7 21. Nf3 axb4 22. axb4 {0-1 (34) Weyerstrass,R-Privara,I ICCF corr 1992}) 18. Rab1 (18. Bxd4 $1 $14 {[%mdl 512]} axb4 (18... Nxd4 19. Nfxd4) 19. axb4) 18... Re8 {[#]} (18... Bg4 $11) 19. Ba1 ({Better is} 19. Bxd4 $1 $16 {[%mdl 512] Black must now prevent Ba1.} axb4 (19... Nxd4 20. Nfxd4) 20. axb4) 19... Bf8 $2 {[#]} (19... Bb7 $11 {and Black has nothing to worry.}) 20. Nfxd4 $1 $18 {[%mdl 512]} Nxd4 21. Nxd4 {aiming for Nc6.} Nxb4 (21... Ne7 $142) 22. axb4 exd4 23. Rxe8 Qxe8 24. Bxd4 axb4 25. Rxb4 ({Don't play} 25. Qxb4 $6 Bf5 $18) 25... Bf5 26. Bf1 Ra8 27. Qe3 Qd7 (27... Bd7 $16 28. Rb1 Qc8) 28. Bc3 $2 (28. Bb2 $18) 28... Re8 $11 29. Qd4 Qc6 (29... Qxd4 $11 {remains equal.} 30. Bxd4 Re1) 30. Bg2 $16 Qa6 $2 (30... Qxc5 $16 {might work better.} 31. Qxc5 Bxc5) 31. Rb1 $18 Qa3 32. Qd5+ ({But not} 32. Rxb5 $2 Qc1+ 33. Bf1 Bh3 $19) 32... Be6 33. Qc6 $2 ({Only move:} 33. Bb4 $18 Qa2 34. Qxa2 Bxa2 35. Ra1) 33... Bf7 $11 34. Bb4 Qxd3 35. Rc1 Qb3 36. Qxb5 Rd8 $2 {[#]} (36... Qb2 $11 37. Rd1 Qb3) 37. Bf1 $2 ({White must play} 37. c6 $1 $18) 37... Rd4 (37... Qb2 $1 $11 38. Rc3 Rd1) 38. Bc3 $16 Qxb5 39. Bxb5 Rd5 40. Bb4 Rh5 $2 {[%mdl 8192]} (40... Be7 $16 {is a better chance.} 41. Bc6 Rd4) 41. Bd7 $18 {Threatens to win with c6.} Bxc5 42. Bxc5 Rd5 43. Bc6 Rd8 44. Bf3 Rc8 45. Kg2 g6 46. h4 Kg7 47. g4 Kg8 48. g5 f5 49. Kg3 Rc7 50. Kf4 Rc8 51. h5 Re8 52. hxg6 Bxg6 53. Bd5+ {White mates.} Bf7 54. Bxf7+ Kxf7 55. Kxf5 {[%mdl 4096] Endgame KRB-KR} Rd8 56. Be3 Rd5+ 57. Ke4 Rd7 58. Rc6 Re7+ 59. Kf5 Rd7 60. Bf4 Rd5+ 61. Be5 Rd7 62. f4 Rd8 63. Rc7+ Kg8 64. Rg7+ Kf8 65. Rxh7 Rd1 66. Ke6 {[%cal Rh7h8]} Rd6+ 67. Bxd6+ Kg8 {[#]} 68. f5 $1 Kxh7 69. g6+ Kg7 70. Be5+ Kf8 71. f6 Kg8 72. f7+ Kf8 73. g7# {Accuracy: White = 59%, Black = 23%.} 1-0